Score 0/40 Timer 08:00
3 Plays Today
Question Answer Wrong Answers
Which of the following is not...
one of the four seasons?
Yuletide
93.5%
Winter
0.1%
Spring
0.2%
Summer
0.1%
Which of the following is not...
one of the four basic operations of arithmetic?
Algebra
92.2%
Addition
0.5%
Subtraction
0.5%
Division
0.6%
Which of the following is not...
one of the four standard (French/English) suits in a deck of cards?
Stars
92.1%
Spades
0.5%
Diamonds
0.7%
Clubs
0.5%
Which of the following is not...
one of the four standard sections of an orchestra?
Synthesizers
90.8%
Strings
0.5%
Percussion
1.1%
Woodwinds
1.4%
Which of the following is not...
one of the four standard blood types?
C
90.4%
A
0.5%
B
1.1%
O
1.9%
Which of the following is not...
one of the four canonical gospels of the New Testament?
Micah
89.7%
Matthew
0.9%
Mark
1.8%
Luke
1.2%
Which of the following is not...
one of the four classical elements?
Light
89.6%
Water
0.5%
Air
1.8%
Fire
1.8%
Which of the following is not...
one of the four nations of the United Kingdom?
Gibraltar
89.2%
England
0.4%
Scotland
0.9%
Northern Ireland
3.3%
Which of the following is not...
one of the Fab Four?
Mick Jagger
88.3%
John Lennon
1.1%
Paul McCartney
0.9%
Ringo Starr
3.4%
Which of the following is not...
one of the four houses of Hogwarts?
Beauxbatons
87.6%
Gryffindor
1.3%
Ravenclaw
2.1%
Slytherin
2.8%
Which of the following is not...
one of the 'Big Four' US television networks?
PBS
86.6%
ABC
3.3%
NBC
1.7%
CBS
2%
Which of the following is not...
one of the four Grand Slam events in tennis?
European Championship
85.7%
Wimbledon
2%
French Open
2.6%
Australian Open
3.3%
Which of the following is not...
one of the four colors of printing (CMYK)?
Kelly Green
84.6%
Cyan
3.6%
Magenta
3.3%
Yellow
2.3%
Which of the following is not...
one of the four terrestrial planets?
Pluto
82.9%
Mars
1.7%
Mercury
4.2%
Venus
4.9%
Which of the following is not...
one of the nations to make at least five finals appearances in the FIFA World Cup?
Turkey
81.7%
Brazil
4.5%
Italy
2.7%
Germany
4.6%
Which of the following is not...
one of the original members of the Fantastic Four?
Namor
80.4%
Mister Fantastic
6.6%
Human Torch
2.3%
Invisible Woman
4.3%
Which of the following is not...
one of the four cardinal virtues?
Even-handedness
79.3%
Justice
7.6%
Prudence
4%
Temperance
2.6%
Which of the following is not...
one of the WWE's 'Big Four' pay-per-views?
Money in the Bank
76.9%
WrestleMania
2.9%
Royal Rumble
6.4%
SummerSlam
7.2%
Which of the following is not...
one of the four major men's tournaments in professional golf?
Players Championship
74.7%
Masters Tournament
4%
US Open
9.2%
PGA Championship
5.6%
Which of the following is not...
one of the Four Horsemen of the Apocalypse?
Greed
73.5%
War
6.5%
Famine
6.5%
Death
7.1%
Which of the following is not...
one of the four Presidents on Mount Rushmore?
Franklin Roosevelt
72%
George Washington
2.3%
Theodore Roosevelt
14%
Abraham Lincoln
5.7%
Which of the following is not...
one of the original four circuits in Super Mario Kart?
Pipe Cup
71.3%
Mushroom Cup
7.2%
Flower Cup
7.5%
Star Cup
7.4%
Which of the following is not...
one of the four nucleobases of DNA?
Uracil
70.6%
Adenine
4.5%
Guanine
10.1%
Thymine
8.2%
Which of the following is not...
one of the four strokes of an internal combustion engine?
Charge
67.1%
Intake
9.5%
Compression
7.2%
Exhaust
9.8%
Which of the following is not...
one of the four states of matter?
Fluid
67%
Solid
1%
Liquid
1.2%
Plasma
24.8%
Which of the following is not...
one of the Four Corners states?
Wyoming
65.7%
Utah
8.8%
Colorado
6.9%
Arizona
12.4%
Which of the following is not...
one of the four fundamental forces?
Entropy
63.8%
Weak Nuclear Force
17.2%
Strong Nuclear Force
6.7%
Electromagnetism
5.7%
Which of the following is not...
one of the four railroad properties in the US version of Monopoly?
New Jersey
62.8%
Short Line
14.3%
B&O
13.8%
Pennsylvania
2.8%
Which of the following is not...
one of the four nations that divided Germany after World War II?
Italy
62.3%
Soviet Union
17%
France
5.3%
United Kingdom
9.3%
Which of the following is not...
one of the four competitors in the Triwizard Tournament in Harry Potter and the Goblet of Fire?
Draco Malfoy
58.4%
Cedric Diggory
7.5%
Viktor Krum
13%
Fleur Delacour
14.5%
Which of the following is not...
one of the four matriarchs of Judaism?
Elizabeth
56.9%
Sarah
7.3%
Rebekah
6.9%
Leah
22.5%
Which of the following is not...
one of the 'Big Four' international beauty pageants?
Miss Planet
56.2%
Miss World
2.9%
Miss Universe
0.8%
Miss Earth
33.9%
Which of the following is not...
one of the four playable characters in Super Mario Bros. 2 (US)?
Yoshi
47.6%
Mario
1%
Luigi
4%
Princess Peach
41%
Which of the following is not...
one of the four main islands of Japan?
Okinawa
38.8%
Honshu
11.1%
Hokkaido
17.2%
Kyushu
26.7%
Which of the following is not...
one of the four Galilean moons?
Triton
36.2%
Io
19.2%
Europa
11.7%
Ganymede
26.5%
Which of the following is not...
one of the 'Big Four' accounting firms?
BDO International
35.8%
Deloitte
15.9%
EY
33.2%
KPMG
8.6%
Which of the following is not...
one of Norman Rockwell's 'Four Freedoms' paintings?
Freedom of the Press
33.4%
Freedom from Want
33.3%
Freedom from Fear
21.1%
Freedom of Speech
5.8%
Which of the following is not...
a Major League Baseball player who had the number four retired in their honor?
Babe Ruth
28.5%
Lou Gehrig
12.4%
Mel Ott
21.3%
Paul Molitor
31.3%
Which of the following is not...
one of the 'Big Four' members of the Allied Nations in World War I?
Russia
27.4%
France
3.6%
Italy
58.2%
United Kingdom
4.7%
Which of the following is not...
one of the four humors?
Mucus
26.6%
Blood
16.3%
Phlegm
13.9%
Black Bile
36.8%

You're not logged in!

Compare scores with friends on all Sporcle quizzes.
OR
Log In

Sporcle TV

Today on Sporcle TV


Watch our educational content, quiz creation guides, and fun videos on Sporcle TV.

Show Comments

Extras

Top Quizzes Today


Score Distribution

Your Account Isn't Verified!

In order to create a playlist on Sporcle, you need to verify the email address you used during registration. Go to your Sporcle Settings to finish the process.

Report this User

Report this user for behavior that violates our Community Guidelines.

Details: